[Event "Rodovre-ch B"]
[Site "Rodovre"]
[Date "2007.09.11"]
[Round "2"]
[White "Gemzoe, Bjorn"]
[Black "Helleshoj, Knud Erik"]
[Result "0-1"]
[WhiteElo "1524"]
[BlackElo "1527"]
[PlyCount "80"]
[EventDate "2007.09.04"]
[EventType "tourn"]
[EventRounds "7"]
[EventCountry "DEN"]
[SourceTitle "EXT 2023"]
[Source "ChessBase"]
[SourceDate "2022.10.05"]
[SourceVersion "1"]
[SourceVersionDate "2022.10.05"]
[SourceQuality "1"]

1. e3 d5 2. Ne2 c5 3. Ng3 e6 4. Be2 Nf6 5. d3 Bd6 6. f4 0-0 7. 0-0 a6 8. b3 e5 9. f5 e4 10. Qe1 Qc7 11. Bb2 Bxg3 12. hxg3 exd3 13. cxd3 Nbd7 14. Nd2 Re8 15. Bd1 d4 16. e4 Ne5 17. Be2 Qd6 18. Nc4 Nxc4 19. bxc4 b5 20. cxb5 axb5 21. Bc1 Ba6 22. Bf4 Qb6 23. Bf3 Nd5 24. Qd2 Nxf4 25. Qxf4 f6 26. Rac1 c4 27. Rfd1 c3 28. Kh2 Bb7 29. Ra1 b4 30. Qc1 Re5 31. Qc2 Rea5 32. Qb3+ Kh8 33. Rdb1 Rb5 34. a4 Rba5 35. Bd1 Bc6 36. Qe6 Re5 37. Qd6 Rb8 38. Rb3 h6 39. Rab1 Bxa4 40. Rxb4 Qxd6 0-1

[Event "Rodovre-ch B"]
[Site "Rodovre"]
[Date "2006.10.03"]
[Round "5"]
[White "Helleshoj, Knud Erik"]
[Black "Rohder, Bjarne"]
[Result "1-0"]
[WhiteElo "1531"]
[BlackElo "1510"]
[PlyCount "117"]
[EventDate "2006.09.05"]
[EventType "tourn"]
[EventRounds "7"]
[EventCountry "DEN"]
[SourceTitle "EXT 2023"]
[Source "ChessBase"]
[SourceDate "2022.10.05"]
[SourceVersion "1"]
[SourceVersionDate "2022.10.05"]
[SourceQuality "1"]

1. e4 e5 2. Nf3 Nc6 3. d4 exd4 4. c3 d5 5. Bb5 Bg4 6. h3 Bxf3 7. Qxf3 a6 8. exd5 axb5 9. dxc6 b6 10. Qe4+ Qe7 11. Qxe7+ Nxe7 12. Bf4 Nd5 13. Be5 dxc3 14. Nxc3 Bb4 15. 0-0 Bxc3 16. bxc3 0-0 17. Rfd1 f6 18. Rxd5 fxe5 19. Rxe5 Ra5 20. Re7 Rc8 21. Rd1 Ra3 22. Rdd7 Rxc3 23. Rxg7+ Kf8 24. Rxh7 Kg8 25. Rxc7 Rxc6 26. Rcg7+ Kf8 27. Rb7 Kg8 28. Rh5 Ra8 29. Rxb5 Rxa2 30. R5xb6 Rc1+ 31. Kh2 Rxf2 32. Rb8+ Kg7 33. R6b7+ Kh6 34. Rh8+ Kg6 35. Rg8+ Kh6 36. Rbg7 Rd2 37. Rg3 Kh7 38. R8g4 Rc6 39. Rh4+ Rh6 40. Rxh6+ Kxh6 41. Rg4 Kh5 42. Rf4 Kg5 43. Rf3 Rc2 44. Kg3 Rc4 45. Re3 Kf5 46. h4 Kg6 47. Kh3 Kf6 48. g4 Kf7 49. h5 Kf6 50. Kh4 Rc2 51. g5+ Kf7 52. Rf3+ Kg8 53. h6 Kh7 54. Kh5 Rh2+ 55. Kg4 Ra2 56. Rf7+ Kg6 57. Rf6+ Kh7 58. Rf7+ Kg6 59. Rg7# 1-0

[Event "Rodovre-ch B"]
[Site "Rodovre"]
[Date "2005.10.04"]
[Round "5"]
[White "Rohder, Bjarne"]
[Black "Helleshoj, Knud Erik"]
[Result "0-1"]
[WhiteElo "1465"]
[BlackElo "1508"]
[PlyCount "90"]
[EventDate "2005.09.06"]
[EventType "tourn"]
[EventRounds "7"]
[EventCountry "DEN"]
[SourceTitle "EXT 2023"]
[Source "ChessBase"]
[SourceDate "2022.10.05"]
[SourceVersion "1"]
[SourceVersionDate "2022.10.05"]
[SourceQuality "1"]

1. e4 c5 2. Nf3 Nc6 3. Bb5 Nf6 4. Bxc6 bxc6 5. e5 Nd5 6. d4 cxd4 7. Qxd4 Qb6 8. 0-0 Qxd4 9. Nxd4 g6 10. Bd2 Bg7 11. Re1 Rb8 12. b3 c5 13. Nf3 Nb4 14. Na3 Bb7 15. Bxb4 cxb4 16. Nc4 Bxf3 17. gxf3 0-0 18. Rad1 Rfd8 19. a3 bxa3 20. Nxa3 Bf8 21. Nc4 Rbc8 22. Kg2 d5 23. exd6 exd6 24. Rd5 Rc5 25. Red1 Rxd5 26. Rxd5 Rc8 27. Kf1 f5 28. Ke2 Kf7 29. Rxd6 Rxc4 30. Rd7+ Ke8 31. Kd3 Rxc2 32. Rxa7 Rxf2 33. Rxh7 Rxf3+ 34. Kc4 g5 35. Kd5 Rxb3 36. Ke6 f4 37. Ra7 Re3+ 38. Kf5 f3 39. Ra8+ Kf7 40. Ra6 Be7 41. Ra1 f2 42. Rf1 Re2 43. Kg4 Bc5 44. Kf3 Re1 45. Kg2 Kg6 0-1